First U.S. Cities to Reach 10,000 People - Statistics

General Stats
  • This quiz has been taken 771 times
  • The average score is 22 of 38
Answer Stats
Year State City % Correct
1736 NY New York City
99%
1715 MA Boston
98%
1738 PA Philadelphia
97%
1784 MD Baltimore
92%
1814 DC Washington
89%
1767 SC Charleston
85%
1803 LA New Orleans
85%
1809 NY Albany
83%
1825 PA Pittsburgh
83%
1812 VA Richmond
83%
1810 RI Providence
82%
1832 NY Buffalo
80%
1821 OH Cincinnati
77%
1828 NJ Newark
73%
1829 CT New Haven
73%
1835 MO St. Louis
73%
1829 KY Louisville
71%
1837 GA Savannah
70%
1824 ME Portland
67%
1831 NY Rochester
65%
1838 AL Mobile
61%
1826 NY Brooklyn
60%
1832 VA Norfolk
55%
1838 MA Springfield
49%
1802 MA Salem
45%
1834 NY Utica
35%
1833 MA Lowell
34%
1791 PA Northern Liberties
28%
1836 MA New Bedford
27%
1840 PA Allegheny
22%
1828 NY Troy
22%
1789 CT Norwalk
20%
1801 PA Southwark
17%
1836 VA Petersburg
15%
1829 PA Spring Garden
11%
1835 MA Charlestown
10%
1825 PA Kensington
10%
1835 PA Moyamensing
4%
No matching quizzes found
Score Distribution
Percent of People with Each Score
Percentile by Number Answered
Your Score History
You have not taken this quiz